000 00552nam a2200193Ia 4500
999 _c34337
_d34337
003 OSt
005 20200917145452.0
008 190216s9999||||xx |||||||||||||| ||und||
020 _a9788126511068
040 _coclc
082 _a610.28
_bWEB/M
100 _aWebster, John G
_94710
245 0 _aMedical Instrumentation Application And Design /
_cJohn G Webster
250 _a3rd Ed.
260 _bWiley India,
_c2011.
_aNew Delhi:
300 _a691p
650 _aPhysics
942 _cBK
_2ddc
_h610.28
_iWEB/M
_k610.28
_mWEB/M